000
00265nam a2200097Ia 4500
005
20251222114344.0
008
251222s1900||||xx |||||||||||||| ||spa||
082
_a
DVD0120/D96
245
0
_a
Concierto para violín n°3, en sol mayor. Wolfgang Amadeus Mozart:
942
_c
DVD
999
_c
972
_d
972